000 00261nam a22001217a 4500
008 181221b xxu||||| |||| 00| 0 eng d
041 _aeng
080 _a821
100 _a22
101 _aGJL
245 _aThe Renaissance
_cDannenfeldt, K.H
942 _2udc
_cBK
999 _c53586
_d53586